Las luchas campesinas del siglo XX

Gorde:
Xehetasun bibliografikoak
Egile nagusia: Wolf, Eric Robert (Egilea)
Formatua: Liburua
Hizkuntza:esperantoa
Argitaratua: Ciudad de México Siglo Veintiuno 1999
Edizioa:11a. ed
Saila:Sociología y Política
Gaiak:
Etiketak: Etiketa erantsi
Etiketarik gabe, Izan zaitez lehena erregistro honi etiketa jartzen!

MARC

LEADER 00000nam a2200000 a 4500
001 UCI6749
003 CL-VaPUC
008 080523e19990000MX |||||||||||||||||epo|d
020 |a 9682304024 
082 0 4 |a 909.82  |b WOL  |2 21 
100 0 |a Wolf, Eric Robert  |e author  |9 529741 
245 1 4 |a Las luchas campesinas del siglo XX 
250 |a 11a. ed 
300 |a 438 p 
942 |c BK 
945 |d 20080523 00:00:00  |a jtorresc 
260 |a Ciudad de México  |b Siglo Veintiuno  |c 1999 
650 0 |a Historia moderna  |9 268036 
650 0 |a Campesinado  |9 440815 
650 7 |a TENENCIA DE TIERRAS  |2 CL-VaPUC  |9 394899 
650 0 |a Actividad política  |9 295875 
650 0 |a Tierras agrícolas   |9 404463 
650 0 |a Agricultura   |y Siglo 20   |9 529743 
583 |a last modification  |c 20080523 00:00:00  |k Rodrigo Vera 
490 0 |a Sociología y Política 
999 |c 330198  |d 330196 
952 |0 0  |1 0  |4 0  |6 909_820000000000000_WOL_1999  |7 0  |8 A  |9 415627  |a BIBHIS  |b BIBHIS  |d 2019-11-22  |i 4442148  |o 909.82 WOL 1999  |p 4442148  |r 2025-01-20  |w 2019-11-22  |y BK  |k HIS